[Event "IV Open A"]
[Site "Biella ITA"]
[Date "2013.09.27"]
[Round "1"]
[White "Antoli Royo, Joaquin Miguel"]
[Black "Cossar, Claudio"]
[WhiteElo "2407"]
[BlackElo "2056"]
[Result "1-0"]
[PlyCount "47"]
[EventDate "2013.09.27"]

1. e4 b6 2. d4 Bb7 3. Bd3 Nf6 4. Nd2 Nc6 5. Ngf3 Nb4 6. Bc4 d5 7. exd5 Nbxd5 8.
O-O e6 9. Bb3 Be7 10. Ba4+ c6 11. c4 Nf4 12. Ne5 b5 13. cxb5 cxb5 14. Bxb5+ Kf8
15. Ndf3 Ng6 16. Qa4 Qb6 17. Be3 Bd5 18. Bc6 Nxe5 19. Bxd5 Nxd5 20. Nxe5 Qb7
21. Rac1 Rd8 22. Nc6 Rd7 23. Na5 Nb6 24. Nxb7 1-0

[Event "IV Open A"]
[Site "Biella ITA"]
[Date "2013.09.27"]
[Round "1"]
[White "Cordara, Michele"]
[Black "Angelini, Marco"]
[WhiteElo "1999"]
[BlackElo "2267"]
[Result "0-1"]
[PlyCount "82"]
[EventDate "2013.09.27"]

1. Nf3 Nf6 2. d4 g6 3. Bf4 Bg7 4. e3 O-O 5. h4 h5 6. Bd3 d6 7. c3 Nbd7 8. Qc2
Qe8 9. Nbd2 e5 10. Bg5 b6 11. O-O-O Bb7 12. Bxf6 Nxf6 13. dxe5 dxe5 14. Ne4 Ng4
15. Nfg5 a6 16. Rhe1 Qe7 17. f3 Nf6 18. Nxf6+ Bxf6 19. Bxg6 fxg6 20. Qxg6+ Qg7
21. Qxh5 Bxg5 22. hxg5 Rf5 23. Rh1 Rxg5 24. Qh3 Rxg2 25. Qe6+ Kf8 26. Rd7 Rg1+
27. Rxg1 Qxg1+ 28. Kc2 Qg2+ 29. Kb3 Qg8 30. Qxg8+ Kxg8 31. Rxc7 Bxf3 32. Re7 e4
33. Rb7 b5 34. Kb4 Rd8 35. Rb6 Rd2 36. Rxa6 Rxb2+ 37. Kc5 Re2 38. a4 bxa4 39.
Rxa4 Rxe3 40. c4 Rd3 41. Ra7 e3 0-1

[Event "IV Open A"]
[Site "Biella ITA"]
[Date "2013.09.27"]
[Round "1"]
[White "Djuric, Stefan"]
[Black "Bargeri, Ludovico"]
[WhiteElo "2440"]
[BlackElo "2066"]
[Result "1/2-1/2"]
[PlyCount "159"]
[EventDate "2013.09.27"]

1. e4 e6 2. d4 d5 3. Nc3 Bb4 4. Bd3 dxe4 5. Bxe4 Nf6 6. Bd3 O-O 7. Nf3 c5 8.
O-O cxd4 9. Nxd4 e5 10. Nde2 Be6 11. a3 Be7 12. Ng3 Nc6 13. Bg5 h6 14. Bd2 Nd5
15. Qh5 Nf6 16. Qe2 Qc8 17. Rae1 Re8 18. Qd1 Bf8 19. Qc1 Bd7 20. h3 Nd4 21. Re3
Qc7 22. Qd1 Rad8 23. Nh5 Qb6 24. Rg3 Nf5 25. Nxf6+ Qxf6 26. Rf3 g6 27. g4 Bc6
28. Ne4 Qh4 29. gxf5 Bxe4 30. Bxe4 Qxe4 31. fxg6 fxg6 32. Re1 Rxd2 33. Rxf8+
Rxf8 34. Qxd2 Qf5 35. Re3 Qg5+ 36. Kf1 Rd8 37. Qe2 Qf5 38. Kg2 Re8 39. Re4 h5
40. c4 Kg7 41. c5 Qg5+ 42. Kh2 Rf8 43. h4 Qf5 44. Kg2 Re8 45. b4 g5 46. hxg5
Qxg5+ 47. Kh2 Rf8 48. f3 Rf4 49. Qg2 Rf5 50. Qxg5+ Rxg5 51. b5 Kf6 52. a4 Rg7
53. b6 axb6 54. cxb6 Rd7 55. Kg3 Rd3 56. Rc4 Rb3 57. a5 Rb5 58. Ra4 Kg5 59. Kf2
h4 60. Kg2 Rb2+ 61. Kh3 Rb3 62. Rg4+ Kf6 63. Kxh4 Ra3 64. Rg8 Rxa5 65. Rb8 e4
66. fxe4 Ra4 67. Rf8+ Ke7 68. Rf4 Rb4 69. Kg5 Rxb6 70. Rh4 Rb5+ 71. Kf4 Rb1 72.
Kf5 Rf1+ 73. Ke5 b5 74. Rh6 Kd7 75. Rd6+ Kc7 76. Ke6 Rh1 77. Rd4 Kc6 78. Rd8
Rh6+ 79. Ke5 b4 80. Kd4 1/2-1/2

[Event "IV Open A"]
[Site "Biella ITA"]
[Date "2013.09.27"]
[Round "1"]
[White "Finocchiaro, Gianluca"]
[Black "Naumkin, Igor"]
[WhiteElo "2084"]
[BlackElo "2461"]
[Result "0-1"]
[PlyCount "76"]
[EventDate "2013.09.27"]

1. e4 e6 2. b3 d5 3. Bb2 dxe4 4. Nc3 Nf6 5. Qe2 Nc6 6. Nxe4 Be7 7. O-O-O O-O 8.
g4 Nd4 9. Qd3 c5 10. Nxf6+ Bxf6 11. h4 Qd5 12. Rh2 Qe5 13. Bxd4 Qxh2 14. Bxf6
gxf6 15. Nf3 Qf4 16. g5 Bd7 17. Be2 Bc6 18. gxf6 Qxf6 19. Kb1 Rad8 20. Qe3 Bxf3
21. Bxf3 b6 22. Rg1+ Kh8 23. a4 Rg8 24. Re1 Qd4 25. Qh6 Rg6 26. Qh5 Qxf2 27.
Rd1 f5 28. d3 Rdg8 29. Kb2 Qd4+ 30. c3 Qf2+ 31. Be2 Rg4 32. Rd2 Qf4 33. Kc2
R4g6 34. d4 cxd4 35. Rxd4 Qc7 36. Qf3 Rg3 37. Qf2 Qxc3+ 38. Kd1 Rg1+ 0-1

[Event "IV Open A"]
[Site "Biella ITA"]
[Date "2013.09.27"]
[Round "1"]
[White "Kantans, Toms"]
[Black "Guidi, Maurizio"]
[WhiteElo "2346"]
[BlackElo "2041"]
[Result "1-0"]
[PlyCount "115"]
[EventDate "2013.09.27"]

1. e4 c5 2. Nf3 Nc6 3. Bb5 g6 4. O-O Bg7 5. Re1 Nf6 6. e5 Nd5 7. Nc3 Nxc3 8.
dxc3 O-O 9. Bf4 a6 10. Bf1 Qb6 11. Qc1 Nd8 12. h4 Ne6 13. Bh6 Qc7 14. h5 b5 15.
hxg6 fxg6 16. a4 Bb7 17. axb5 axb5 18. Rxa8 Bxa8 19. Nh2 c4 20. Bxg7 Kxg7 21.
b3 h5 22. bxc4 bxc4 23. Qa3 Qc5 24. Qxc5 Nxc5 25. Bxc4 Ne4 26. Ra1 Bc6 27. Nf3
Ra8 28. Re1 Nxc3 29. Bd3 Bxf3 30. gxf3 Rb8 31. Kg2 Rb1 32. Rxb1 Nxb1 33. f4 Nc3
34. Kf3 d6 35. Bc4 Na4 36. Ke4 Nb6 37. Be6 Kh6 38. c4 Kg7 39. Kd4 Kf8 40. Bh3
Kf7 41. Bg2 Kg7 42. Bc6 Nc8 43. c5 dxc5+ 44. Kxc5 e6 45. Bd7 Ne7 46. Bxe6 h4
47. Bg4 Kf7 48. Kd6 Nf5+ 49. Kd7 Ne7 50. Bh3 Kf8 51. Be6 g5 52. fxg5 Ng6 53.
Kd6 Nf4 54. Bf5 h3 55. e6 h2 56. e7+ Kf7 57. Be4 Nd3 58. Bd5+ 1-0

[Event "IV Open A"]
[Site "Biella ITA"]
[Date "2013.09.27"]
[Round "1"]
[White "Laurenti, Stefano"]
[Black "Stella, Andrea"]
[WhiteElo "2070"]
[BlackElo "2458"]
[Result "0-1"]
[PlyCount "76"]
[EventDate "2013.09.27"]

1. e4 e6 2. d4 d5 3. Nc3 Nf6 4. Bg5 Bb4 5. e5 h6 6. Bd2 Bxc3 7. bxc3 Ne4 8. Qg4
Kf8 9. Be3 c5 10. Bd3 Nxc3 11. dxc5 Qa5 12. Nf3 Ne4+ 13. Nd2 Qc3 14. Rd1 Nxd2
15. Rxd2 Qa1+ 16. Rd1 Qxe5 17. O-O Nc6 18. Bb5 Qf6 19. Bxc6 bxc6 20. Qa4 e5 21.
f4 e4 22. Bd4 Qg6 23. f5 Bxf5 24. Rxf5 Qxf5 25. Qxc6 Rc8 26. Qb7 Kg8 27. Rf1
Qe6 28. Qxa7 e3 29. Re1 e2 30. Qa3 Re8 31. Qd3 Qe4 32. Kf2 Qh4+ 33. g3 Qxh2+
34. Kf3 Qh5+ 35. Kf2 f5 36. Rxe2 Rxe2+ 37. Qxe2 Qxe2+ 38. Kxe2 Kf7 0-1

[Event "IV Open A"]
[Site "Biella ITA"]
[Date "2013.09.27"]
[Round "1"]
[White "Marinone, Lucio"]
[Black "Rey, Fabrice"]
[WhiteElo "1970"]
[BlackElo "2156"]
[Result "1-0"]
[PlyCount "93"]
[EventDate "2013.09.27"]

1. c4 e6 2. g3 d5 3. Bg2 dxc4 4. Na3 Bxa3 5. bxa3 c6 6. Bb2 Nf6 7. Qc2 b5 8. a4
a6 9. Nf3 O-O 10. O-O Nd5 11. Rfd1 f6 12. d3 cxd3 13. Rxd3 Qc7 14. Rd4 Ne7 15.
Rad1 Nd7 16. Ba3 Re8 17. Bd6 Qb6 18. Bxe7 Rxe7 19. Rd6 Qa5 20. Qxc6 Rb8 21.
Rxd7 Bxd7 22. Rxd7 Rxd7 23. Qxd7 bxa4 24. Bh3 e5 25. Kg2 Qb5 26. Be6+ Kh8 27.
Qd6 a5 28. Nh4 Re8 29. e4 Qb4 30. Qc6 Qe7 31. Bd5 g6 32. Qxa4 Qd8 33. Qc6 Kg7
34. Nf3 Re7 35. Nd2 h5 36. h4 f5 37. Nc4 f4 38. Qb6 Qf8 39. Qxa5 g5 40. hxg5
fxg3 41. fxg3 h4 42. gxh4 Qf4 43. Qe1 Qg4+ 44. Qg3 Qe2+ 45. Qf2 Qg4+ 46. Kh2
Kh7 47. Qf5+ 1-0

[Event "IV Open A"]
[Site "Biella ITA"]
[Date "2013.09.27"]
[Round "1"]
[White "Molina, Fabrizio"]
[Black "Barbiso, Tiziana"]
[WhiteElo "2246"]
[BlackElo "1998"]
[Result "1/2-1/2"]
[PlyCount "72"]
[EventDate "2013.09.27"]

1. d4 d5 2. c4 e6 3. Nf3 c6 4. g3 dxc4 5. Bg2 b5 6. O-O Bb7 7. b3 cxb3 8. Qxb3
Nf6 9. Bb2 Be7 10. Nbd2 Nbd7 11. a4 a6 12. Rfc1 O-O 13. Ne1 Nd5 14. Nd3 Qb6 15.
e4 N5f6 16. e5 Nd5 17. Ne4 a5 18. Ndc5 Rfd8 19. axb5 cxb5 20. Nxb7 Qxb7 21. Nc3
a4 22. Nxa4 Qb8 23. Nc3 Rxa1 24. Rxa1 Nxc3 25. Bxc3 b4 26. Ra8 Qb6 27. Rxd8+
Qxd8 28. Be1 Qb6 29. Qc4 b3 30. Qc8+ Nf8 31. Qb7 Qxd4 32. Qxb3 Qxe5 33. Bc3 Qc7
34. h4 Bc5 35. Bb2 Qb6 36. Qxb6 Bxb6 1/2-1/2

[Event "IV Open A"]
[Site "Biella ITA"]
[Date "2013.09.27"]
[Round "1"]
[White "Montilli, Vincenzo"]
[Black "Kalnins, Kristaps"]
[WhiteElo "2023"]
[BlackElo "2273"]
[Result "0-1"]
[PlyCount "120"]
[EventDate "2013.09.27"]

1. d4 Nf6 2. c4 c5 3. d5 b5 4. cxb5 a6 5. b6 d6 6. Nc3 Nbd7 7. e4 g6 8. Nf3 Bg7
9. Be2 Qxb6 10. O-O O-O 11. a4 Bb7 12. a5 Qc7 13. Nd2 e6 14. Nc4 exd5 15. exd5
Ne5 16. Ne3 Rae8 17. f4 Ned7 18. Ra4 Re7 19. Bf3 Ne8 20. Kh1 f5 21. g4 fxg4 22.
Nxg4 Bc8 23. Ne4 Ndf6 24. Ng5 Nxg4 25. Bxg4 Bxg4 26. Qxg4 Rf5 27. Qh3 h6 28.
Nf3 Rxd5 29. Qg2 Rd3 30. Qxg6 Rxf3 31. Rxf3 Qc6 32. Raa3 Re1+ 33. Kg2 Rxc1 34.
Rae3 Kf8 35. Kh3 Qd7+ 36. f5 Rc2 37. b3 Be5 38. Qxh6+ Qg7 39. Qxg7+ Kxg7 40.
Rg3+ Bxg3 41. hxg3 Kf7 42. g4 d5 43. Re6 Rc3+ 44. Kh4 Rxb3 45. Rxa6 Rb7 46. Rc6
Rc7 47. Rb6 c4 48. a6 c3 49. Rb7 c2 50. a7 c1=Q 51. a8=Q Qe1+ 52. Kh3 Qe3+ 53.
Kg2 Qe4+ 54. Kg3 Qe7 55. Rxc7 Qxc7+ 56. Kh4 Nf6 57. Qa3 Qe7 58. Qb3 Qe1+ 59.
Kg5 Qd2+ 60. Kh4 Qh2+ 0-1

[Event "IV Open A"]
[Site "Biella ITA"]
[Date "2013.09.27"]
[Round "1"]
[White "Pulito, Alberto"]
[Black "Motola, Jacopo"]
[WhiteElo "2285"]
[BlackElo "2033"]
[Result "0-1"]
[PlyCount "54"]
[EventDate "2013.09.27"]

1. e4 c5 2. a3 e6 3. b4 cxb4 4. axb4 Bxb4 5. Bb2 Bf8 6. Ra3 Nc6 7. Rg3 e5 8.
Bc4 Nf6 9. Qe2 g6 10. Nh3 Be7 11. O-O O-O 12. Kh1 d6 13. Ng5 Qb6 14. Ba1 Nd4
15. Bxd4 Qxd4 16. c3 Qb6 17. h4 Nh5 18. d4 Nxg3+ 19. fxg3 Bxg5 20. hxg5 exd4
21. e5 Bf5 22. Nd2 dxc3 23. Ne4 Bxe4 24. Qxe4 Rac8 25. exd6 Qxd6 26. Bb3 Qc5
27. Rf3 Qxg5 0-1

[Event "IV Open A"]
[Site "Biella ITA"]
[Date "2013.09.27"]
[Round "1"]
[White "Sanchez, Joseph"]
[Black "Barlocco, Carlo"]
[WhiteElo "2547"]
[BlackElo "2093"]
[Result "1-0"]
[PlyCount "95"]
[EventDate "2013.09.27"]

1. e4 c5 2. Nf3 e6 3. Nc3 a6 4. d4 cxd4 5. Nxd4 b5 6. Bd3 Bb7 7. O-O Qc7 8. Re1
Nf6 9. Qf3 Nc6 10. Nxc6 Qxc6 11. a3 Be7 12. Qg3 O-O 13. Bh6 Ne8 14. Rad1 Kh8
15. Bf4 Nf6 16. Qh3 g6 17. e5 Nd5 18. Nxd5 exd5 19. Be3 Rfe8 20. Bd4 Qe6 21. g4
Bd8 22. f4 Bb6 23. c3 Bxd4+ 24. cxd4 Qb6 25. Bb1 d6 26. Kf1 dxe5 27. dxe5 Qc7
28. Rc1 Qe7 29. f5 Rac8 30. Rxc8 Bxc8 31. Qh6 Rg8 32. Bd3 Qc5 33. Qe3 Qxe3 34.
Rxe3 gxf5 35. gxf5 Rg5 36. Rf3 Kg8 37. Kf2 Kf8 38. Ke3 Ke7 39. Kd4 f6 40. Rf4
fxe5+ 41. Kxe5 Rg2 42. Rh4 Rd2 43. Rxh7+ Ke8 44. Rh8+ Ke7 45. f6+ Kf7 46. Rh7+
Kg8 47. f7+ Kf8 48. Bg6 1-0

[Event "IV Open A"]
[Site "Biella ITA"]
[Date "2013.09.27"]
[Round "1"]
[White "Siclari, Giovanni"]
[Black "Valsecchi, Alessio"]
[WhiteElo "2059"]
[BlackElo "2427"]
[Result "1/2-1/2"]
[PlyCount "100"]
[EventDate "2013.09.27"]

1. Nf3 c5 2. c4 g6 3. e4 Bg7 4. d4 cxd4 5. Nxd4 Nc6 6. Be3 Nf6 7. Nc3 O-O 8.
Be2 b6 9. O-O Bb7 10. f3 Nh5 11. Qd2 Nf4 12. Rfd1 Nxd4 13. Bxd4 Bxd4+ 14. Qxd4
d6 15. Bf1 Qc7 16. Qd2 Qc5+ 17. Kh1 Qe5 18. Nd5 Bxd5 19. exd5 g5 20. Re1 Qf6
21. Re4 Rad8 22. Rd1 e5 23. dxe6 fxe6 24. Rd4 g4 25. g3 e5 26. Rxd6 Ne6 27.
fxg4 Rxd6 28. Qxd6 Rd8 29. Qxe6+ Qxe6 30. Rxd8+ Kg7 31. Be2 b5 32. b3 Qe7 33.
Rd5 bxc4 34. Bxc4 Kf6 35. Kg2 h6 36. Kf3 Qb4 37. Rd7 Qc3+ 38. Rd3 Qb2 39. h4
Ke7 40. a4 Qb1 41. Ke4 Kf6 42. g5+ hxg5 43. hxg5+ Kxg5 44. Kxe5 Qe1+ 45. Kd5
Kf6 46. Kc5 Qa5+ 47. Kc6 Qb6+ 48. Kd7 Qb7+ 49. Kd8 Qb8+ 50. Kd7 Qb7+ 1/2-1/2

[Event "IV Open A"]
[Site "Biella ITA"]
[Date "2013.09.27"]
[Round "1"]
[White "Sorcinelli, Francesco"]
[Black "Coppola, Federico"]
[WhiteElo "2197"]
[BlackElo "1973"]
[Result "1/2-1/2"]
[PlyCount "127"]
[EventDate "2013.09.27"]

1. Nf3 c5 2. g3 Nc6 3. Bg2 g6 4. O-O Bg7 5. c4 e5 6. Nc3 Nge7 7. d3 d6 8. a3
O-O 9. Rb1 a5 10. Bg5 f6 11. Bd2 f5 12. Ne1 Be6 13. Nd5 Rb8 14. b4 axb4 15.
axb4 cxb4 16. Nxb4 d5 17. cxd5 Nxd5 18. Nec2 Ncxb4 19. Nxb4 Qd7 20. Nxd5 Bxd5
21. Bxd5+ Qxd5 22. Qb3 Qxb3 23. Rxb3 Rfc8 24. e4 fxe4 25. dxe4 Rc4 26. f3 Bf8
27. Rc1 Bc5+ 28. Kf1 Rxc1+ 29. Bxc1 Bd4 30. Ke2 b5 31. Kd3 Kf7 32. f4 Ke6 33.
g4 Kd6 34. Ba3+ Bc5 35. fxe5+ Kc6 36. Bb2 Rd8+ 37. Ke2 b4 38. Rf3 Kb5 39. Rf7
Ka4 40. e6 Re8 41. Rc7 Bb6 42. Rb7 Rxe6 43. Kd3 Kb3 44. Bd4 Bxd4 45. Kxd4 Ka3
46. e5 b3 47. Kd5 Re8 48. e6 b2 49. e7 b1=Q 50. Rxb1 Rxe7 51. Rf1 Re2 52. Rf3+
Kb4 53. h4 Rh2 54. Rf4+ Kc3 55. g5 Kd3 56. Ke5 Ke3 57. Ra4 Kf3 58. Ra3+ Kg4 59.
Ra4+ Kh5 60. Ra7 Rxh4 61. Rxh7+ Kxg5 62. Ra7 Rh8 63. Ke4 Rf8 64. Ra1 1/2-1/2

[Event "IV Open A"]
[Site "Biella ITA"]
[Date "2013.09.27"]
[Round "1"]
[White "Trangoni, Bruno"]
[Black "Sgnaolin, Davide"]
[WhiteElo "1994"]
[BlackElo "2238"]
[Result "1/2-1/2"]
[PlyCount "68"]
[EventDate "2013.09.27"]

1. Nf3 c5 2. g3 Nc6 3. Bg2 g6 4. c4 Bg7 5. Nc3 e5 6. O-O d6 7. a3 a5 8. e3 Nge7
9. d4 cxd4 10. exd4 Bg4 11. d5 Nd4 12. Qa4+ Bd7 13. Qd1 Nxf3+ 14. Qxf3 f5 15.
c5 Qc7 16. Be3 O-O 17. Rac1 a4 18. Rfd1 Rac8 19. Qe2 Qb8 20. Nb5 f4 21. gxf4
Bxb5 22. Qxb5 exf4 23. Bd4 Bxd4 24. Rxd4 f3 25. Bh3 Rxc5 26. Be6+ Kg7 27. Rxc5
dxc5 28. Qxc5 Nf5 29. Rxa4 Qd8 30. Qc3+ Kh6 31. Qxf3 Qg5+ 32. Qg2 Qc1+ 33. Qf1
Qg5+ 34. Qg2 Qc1+ 1/2-1/2

[Event "IV Open A"]
[Site "Biella ITA"]
[Date "2013.09.27"]
[Round "1"]
[White "Vezzosi, Paolo"]
[Black "Di Chiara, Mauro"]
[WhiteElo "2271"]
[BlackElo "2011"]
[Result "1-0"]
[PlyCount "61"]
[EventDate "2013.09.27"]

1. d4 g6 2. e4 Bg7 3. Nc3 d6 4. Be3 a6 5. Bd3 b5 6. Qd2 Nd7 7. a4 b4 8. Nce2 a5
9. f4 Bb7 10. Nf3 Ngf6 11. d5 O-O 12. c4 Nc5 13. Bxc5 dxc5 14. Rd1 c6 15. e5
Nxd5 16. cxd5 cxd5 17. Bb5 Qb6 18. O-O f6 19. Ng3 Rfd8 20. exf6 Bxf6 21. Ne5
Bxe5 22. fxe5 Qe6 23. Qg5 Rf8 24. Bd3 Kh8 25. h4 c4 26. Be2 Rad8 27. Bg4 Qb6+
28. Kh2 Qc7 29. h5 gxh5 30. Qh6 Qb8 31. Bxh5 1-0

[Event "IV Open A"]
[Site "Biella ITA"]
[Date "2013.09.27"]
[Round "1"]
[White "Yao, Stefano"]
[Black "Gallucci, Alessio"]
[WhiteElo "1976"]
[BlackElo "2213"]
[Result "1-0"]
[PlyCount "73"]
[EventDate "2013.09.27"]

1. Nf3 f5 2. c4 Nf6 3. g3 g6 4. Bg2 Bg7 5. O-O O-O 6. Nc3 d6 7. d4 c6 8. Re1
Na6 9. a3 Kh8 10. e4 Nc7 11. Qe2 Ng8 12. d5 e5 13. dxe6 fxe4 14. Nxe4 Nxe6 15.
Rd1 d5 16. cxd5 cxd5 17. Neg5 Nxg5 18. Bxg5 Qb6 19. Rd2 Bg4 20. Re1 Rf5 21. Be3
Bxf3 22. Bxf3 d4 23. Bf4 g5 24. Bg4 Rd5 25. Be6 d3 26. Qf3 Rb5 27. Bc4 Rxb2 28.
Be3 Qa5 29. Red1 Qxa3 30. Rxd3 Qb4 31. Bd4 Rf8 32. Bxg7+ Kxg7 33. Rd7+ Ne7 34.
Qe3 Rbxf2 35. Rxe7+ Kh8 36. Qe5+ R2f6 37. Qxf6+ 1-0

[Event "IV Open A"]
[Site "Biella ITA"]
[Date "2013.09.28"]
[Round "2"]
[White "Angelini, Marco"]
[Black "Sanchez, Joseph"]
[WhiteElo "2267"]
[BlackElo "2547"]
[Result "0-1"]
[PlyCount "86"]
[EventDate "2013.09.27"]

1. e4 d5 2. exd5 Qxd5 3. Nc3 Qa5 4. d4 Nf6 5. Nf3 c6 6. Bd2 Bf5 7. Bc4 e6 8.
Qe2 Bb4 9. O-O-O Nbd7 10. a3 Bxc3 11. Bxc3 Qc7 12. Ne5 Nd5 13. Bd2 b5 14. Bb3
Nxe5 15. dxe5 Rd8 16. g4 Bg6 17. f4 h5 18. h3 a5 19. Rhf1 hxg4 20. hxg4 a4 21.
Ba2 Qb6 22. f5 exf5 23. Bg5 Rc8 24. gxf5 Bh5 25. Qe4 Bxd1 26. Rxd1 Rh5 27. Bd2
Qf2 28. f6 g6 29. Bxd5 cxd5 30. Qxd5 Qc5 31. Qxc5 Rxc5 32. Ba5 Rc8 33. Rd5 g5
34. c3 g4 35. Kd2 g3 36. Ke2 Rf5 37. Rd3 Rxe5+ 38. Kf3 Rf5+ 39. Kxg3 Rxf6 40.
Rd5 Ke7 41. Bb4+ Ke6 42. Rxb5 Rg8+ 43. Kh4 Rf1 0-1

[Event "IV Open A"]
[Site "Biella ITA"]
[Date "2013.09.28"]
[Round "2"]
[White "Barlocco, Carlo"]
[Black "Cordara, Michele"]
[WhiteElo "2093"]
[BlackElo "1999"]
[Result "0-1"]
[PlyCount "132"]
[EventDate "2013.09.27"]

1. d4 d5 2. Nf3 Nf6 3. c3 c6 4. Bf4 Qb6 5. Qb3 Nbd7 6. h3 g6 7. Nbd2 Bg7 8. e3
O-O 9. Bd3 Re8 10. Bh2 a5 11. O-O a4 12. Qa3 Qa7 13. c4 dxc4 14. Nxc4 Nb6 15.
b4 Nxc4 16. Bxc4 Ne4 17. Bd3 Nd6 18. Rab1 Nb5 19. Bxb5 cxb5 20. Rfc1 Bf5 21.
Ra1 Rac8 22. Be5 Bf8 23. Rxc8 Rxc8 24. Rc1 Rxc1+ 25. Qxc1 a3 26. Nd2 Be6 27.
Nb1 Bxa2 28. Nxa3 Qa4 29. Qb2 Bd5 30. f3 e6 31. e4 Bc6 32. Nc2 Be7 33. Qc3 Qa2
34. Bc7 Qc4 35. Qd2 Bxe4 36. fxe4 Qxc7 37. d5 exd5 38. exd5 Qe5 39. Ne1 Bd6 40.
Nf3 Qa1+ 41. Kf2 Qb1 42. Ng5 Bxb4 43. Qf4 Qa2+ 44. Kf1 Qxd5 45. Ne4 Qc4+ 46.
Kg1 Bc5+ 47. Kh1 Qd4 48. Kh2 Bd6 49. Qxd6 Qxe4 50. g4 b4 51. g5 Qe2+ 52. Kg1
Qe3+ 53. Kh1 Qc3 54. Kh2 b3 55. Qb6 b2 56. h4 Kg7 57. h5 gxh5 58. Qh6+ Kg8 59.
Qb6 h4 60. Qd8+ Kg7 61. Qb6 Qg3+ 62. Kh1 Qe5 63. Qh6+ Kg8 64. Qb6 h3 65. Qxb7
Qe1+ 66. Kh2 b1=Q 0-1

[Event "IV Open A"]
[Site "Biella ITA"]
[Date "2013.09.28"]
[Round "2"]
[White "Bisi, Samuele"]
[Black "Kantans, Toms"]
[WhiteElo "2077"]
[BlackElo "2346"]
[Result "0-1"]
[PlyCount "74"]
[EventDate "2013.09.27"]

1. d4 Nf6 2. c4 e6 3. Nf3 b6 4. a3 Bb7 5. Nc3 Be7 6. d5 d6 7. g3 e5 8. Bg2 O-O
9. O-O c6 10. b4 a6 11. Qb3 Nbd7 12. Rd1 Rc8 13. Ne1 Qc7 14. Bb2 cxd5 15. cxd5
b5 16. Rac1 Qb8 17. Nc2 Bd8 18. a4 Bb6 19. axb5 axb5 20. Nxb5 Ba6 21. Nc3 Bc4
22. Qa4 Rc7 23. Qa1 Bb3 24. e3 Rfc8 25. Re1 e4 26. Nd4 Bxd4 27. exd4 h6 28.
Nxe4 Nxe4 29. Bxe4 Nf6 30. Bf5 Rxc1 31. Rxc1 Re8 32. Qa5 Bxd5 33. Bd7 Nxd7 34.
Qxd5 Qxb4 35. Rc7 Re7 36. Qf5 Qxb2 37. Rxd7 Qc1+ 0-1

[Event "IV Open A"]
[Site "Biella ITA"]
[Date "2013.09.28"]
[Round "2"]
[White "Coppola, Federico"]
[Black "Salvador, Roland"]
[WhiteElo "1973"]
[BlackElo "2461"]
[Result "0-1"]
[PlyCount "36"]
[EventDate "2013.09.27"]

1. Nf3 Nf6 2. c4 e6 3. g3 Nc6 4. Bg2 a5 5. O-O d5 6. b3 a4 7. cxd5 exd5 8. bxa4
d4 9. Bb2 Be7 10. d3 O-O 11. Na3 Nd5 12. Nb5 Bf6 13. Rc1 Nb6 14. Nd2 Nxa4 15.
Ba1 Be6 16. Ne4 Be7 17. Qc2 Ra5 18. Qb1 Nb4 0-1

[Event "IV Open A"]
[Site "Biella ITA"]
[Date "2013.09.28"]
[Round "2"]
[White "Di Chiara, Mauro"]
[Black "Finocchiaro, Gianluca"]
[WhiteElo "2011"]
[BlackElo "2084"]
[Result "1-0"]
[PlyCount "105"]
[EventDate "2013.09.27"]

1. g3 Nc6 2. Bg2 e5 3. d3 d5 4. Nf3 Bg4 5. h3 Bf5 6. O-O Qd7 7. Kh2 Nf6 8. c4
d4 9. a3 Be7 10. b4 Qe6 11. Nbd2 h6 12. Nb3 O-O 13. b5 Nd8 14. a4 Nd7 15. Nfd2
Nc5 16. Nxc5 Bxc5 17. Ne4 Be7 18. Ba3 Bxa3 19. Rxa3 Qe7 20. Rb3 Ne6 21. Nd2 Nc5
22. Rb2 Rad8 23. a5 Rfe8 24. Ne4 Nxe4 25. Bxe4 Bxe4 26. dxe4 d3 27. Rd2 dxe2
28. Qxe2 Rxd2 29. Qxd2 Rd8 30. Qe3 Rd4 31. f4 f6 32. fxe5 Qxe5 33. Rf5 Qxe4 34.
Qxe4 Rxe4 35. Rc5 Re7 36. Kg2 Kf7 37. Kf3 Ke8 38. Kf4 Kd7 39. Rd5+ Kc8 40. h4
Re1 41. Kf5 g5 42. h5 Rf1+ 43. Kg6 Rf3 44. Kxh6 Rxg3 45. Kg7 c6 46. Rf5 Kd7 47.
Rxf6 cxb5 48. cxb5 Rh3 49. h6 Ke7 50. Rf7+ Ke8 51. Rf5 Rd3 52. h7 Rd7+ 53. Kg8
1-0

[Event "IV Open A"]
[Site "Biella ITA"]
[Date "2013.09.28"]
[Round "2"]
[White "Gallucci, Alessio"]
[Black "Ranfagni, Stefano"]
[WhiteElo "2213"]
[BlackElo "2038"]
[Result "1-0"]
[PlyCount "85"]
[EventDate "2013.09.27"]

1. e4 e5 2. Nf3 Nc6 3. Bc4 Bc5 4. c3 Nf6 5. O-O d6 6. d4 exd4 7. cxd4 Bb6 8. h3
O-O 9. Nc3 Nxe4 10. Nxe4 d5 11. Bg5 f6 12. Bb3 fxg5 13. Nfxg5 h6 14. Nf3 Na5
15. Nc5 Nxb3 16. Qxb3 c6 17. Ne5 Qd6 18. Qe3 Bc7 19. Rac1 b6 20. Ncd3 Bb7 21.
f4 Rae8 22. b4 Re6 23. Qd2 Qd8 24. Rf3 Qe8 25. Rcf1 Ba6 26. R1f2 Bxd3 27. Qxd3
Bxe5 28. dxe5 Qd7 29. Qd4 Qe7 30. g3 Rd8 31. Rc3 a5 32. a3 axb4 33. axb4 Qc7
34. Kh2 Ra8 35. Rfc2 Ra4 36. Rxc6 Rxc6 37. Qxd5+ Qf7 38. Qxc6 Ra2 39. Qc8+ Kh7
40. e6 Qa7 41. e7 Qa4 42. Qf5+ Kg8 43. Qd5+ 1-0

[Event "IV Open A"]
[Site "Biella ITA"]
[Date "2013.09.28"]
[Round "2"]
[White "Guidi, Maurizio"]
[Black "Pulito, Alberto"]
[WhiteElo "2041"]
[BlackElo "2285"]
[Result "0-1"]
[PlyCount "128"]
[EventDate "2013.09.27"]

1. e4 d5 2. exd5 Qxd5 3. Nf3 Bg4 4. Be2 Nc6 5. Nc3 Qf5 6. d3 Nf6 7. h3 Bxf3 8.
Bxf3 Qd7 9. Be3 e5 10. a3 O-O-O 11. g4 h6 12. Bg2 Nd4 13. Qd2 Kb8 14. O-O-O Bc5
15. Rde1 Rhe8 16. f4 exf4 17. Bxf4 Re6 18. Rxe6 Nxe6 19. Be5 Bd4 20. Re1 a6 21.
Qd1 Bxe5 22. Rxe5 Qd4 23. Qf3 Qf4+ 24. Qxf4 Nxf4 25. Bf1 Ne6 26. Kd2 Kc8 27.
Ne2 Rd7 28. Bg2 c6 29. c4 c5 30. b4 b6 31. Kc3 Kc7 32. bxc5 bxc5 33. Ng3 Kd6
34. Re1 Nd4 35. Rb1 Ke5 36. Rb6 Kf4 37. Ne4 Nxe4+ 38. Bxe4 Ra7 39. Rd6 Kg3 40.
Rxd4 cxd4+ 41. Kxd4 Kxh3 42. c5 Kxg4 43. c6 f5 44. Bd5 f4 45. Kc5 f3 46. d4 Kf4
47. Bc4 g5 48. d5 g4 49. d6 g3 50. c7 g2 51. c8=Q g1=Q+ 52. Kc6 Qg7 53. a4 Qd4
54. Qf8+ Kg3 55. Qg8+ Rg7 56. Qe6 a5 57. Bd5 Qc3+ 58. Kb6 f2 59. Bc4 Qd4+ 60.
Kc6 h5 61. Bb5 h4 62. d7 Qxd7+ 63. Qxd7 Rxd7 64. Kxd7 h3 0-1

[Event "IV Open A"]
[Site "Biella ITA"]
[Date "2013.09.28"]
[Round "2"]
[White "Kalnins, Kristaps"]
[Black "Marinone, Lucio"]
[WhiteElo "2273"]
[BlackElo "1970"]
[Result "1-0"]
[PlyCount "71"]
[EventDate "2013.09.27"]

1. e4 c5 2. Nf3 d6 3. Bc4 Nc6 4. c3 Nf6 5. Qe2 Bg4 6. h3 Bxf3 7. Qxf3 a6 8. Bb3
g6 9. O-O Bg7 10. a4 O-O 11. d3 b5 12. Nd2 Qc7 13. Qd1 e6 14. f4 Rab8 15. axb5
axb5 16. Bc2 b4 17. Nf3 Nd7 18. Bd2 Qb6 19. Kh2 b3 20. Bb1 Ra8 21. Rxa8 Rxa8
22. Be3 Ra1 23. Nd2 Na5 24. Qf3 Qb5 25. d4 c4 26. f5 exf5 27. exf5 Nf6 28. Bg5
Qd5 29. Bxf6 Qxf3 30. Rxf3 Bxf6 31. fxg6 Bg5 32. gxh7+ Kh8 33. Rxf7 Rxb1 34.
Nxb1 Bc1 35. g4 Bxb2 36. g5 1-0

[Event "IV Open A"]
[Site "Biella ITA"]
[Date "2013.09.28"]
[Round "2"]
[White "Melone, Antonio"]
[Black "Antoli Royo, Joaquin Miguel"]
[WhiteElo "2125"]
[BlackElo "2407"]
[Result "0-1"]
[PlyCount "84"]
[EventDate "2013.09.27"]

1. d4 Nf6 2. c4 c5 3. d5 e6 4. Nc3 exd5 5. cxd5 d6 6. e4 g6 7. f3 Bg7 8. Be3
O-O 9. Qd2 Re8 10. Nge2 a6 11. a4 Qa5 12. Ra3 Nbd7 13. Nc1 Ne5 14. Be2 Nh5 15.
g4 Nf6 16. g5 Nh5 17. O-O Qd8 18. Kh1 f5 19. f4 Nf7 20. Bxh5 gxh5 21. N1e2 h4
22. Qe1 Nh8 23. Qxh4 Ng6 24. Qf2 Rf8 25. e5 dxe5 26. Bxc5 Re8 27. Bb6 Qd7 28.
Qc5 Qf7 29. Qc7 Bd7 30. Qxb7 exf4 31. Nxf4 Reb8 32. Qc7 Be5 33. Qc5 Nxf4 34.
Bc7 Bxc7 35. Qxc7 Nxd5 36. Qd6 Rb6 37. Qe5 Re8 38. Qd4 Bc6 39. Kg1 Rb4 40. Qc5
Rg4+ 41. Kf2 Qh5 42. Qd6 Rf4+ 0-1

[Event "IV Open A"]
[Site "Biella ITA"]
[Date "2013.09.28"]
[Round "2"]
[White "Motola, Jacopo"]
[Black "Djuric, Stefan"]
[WhiteElo "2033"]
[BlackElo "2440"]
[Result "1/2-1/2"]
[PlyCount "59"]
[EventDate "2013.09.27"]

1. e4 c5 2. Nf3 e6 3. c3 Qa5 4. a3 Nc6 5. d4 cxd4 6. b4 Qc7 7. cxd4 Nf6 8. Bd3
d5 9. e5 Nd7 10. O-O Be7 11. Qc2 Qb6 12. Nc3 a6 13. Be3 Nf8 14. Rfb1 Qd8 15. b5
Na5 16. Na4 Nc4 17. bxa6 Rxa6 18. Bxc4 dxc4 19. Qxc4 Nd7 20. Nc5 Rc6 21. Qb5
Nxc5 22. dxc5 O-O 23. Rd1 Qc7 24. Rd6 Bd7 25. Nd4 Bxd6 26. cxd6 Qd8 27. Nxc6
Bxc6 28. Qc4 h6 29. a4 Qa5 30. Qc5 1/2-1/2